Fifa 22 Top 25 Spain Players - Statistics

General Stats
  • This quiz has been taken 319 times
  • The average score is 17 of 25
Answer Stats
Rating Club Player % Correct
88 PSG Sergio Ramos
96%
86 Liverpool Thiago Alcantara
91%
86 FC Barcelona Sergio Busquets
87%
86 Manchester City Rodri
85%
86 Villarreal CF Gerard Moreno
82%
86 FC Barcelona Jordi Alba
82%
86 Manchester City Aymeric Laporte
79%
86 Villarreal CF Daniel Parejo
79%
85 Real Madrid Daniel Carvajal
78%
85 Atletico Madrid Koke
78%
84 FC Barcelona Gerard Pique
77%
84 Manchester United David De Gea
74%
85 Real Sociedad Mikel Oyarzabal
73%
84 RC Celta Iago Aspas
68%
83 Piemonte Calcio Alvaro Morata
66%
86 Atletico Madrid Marcos Llorente
64%
85 Real Sociedad David Silva
63%
83 Real Madrid Marco Asensio
62%
84 Latium Luis Alberto
55%
83 RB Leipzig Angelino
47%
84 Sevilla FC Jesus Navas
45%
83 Real Sociedad Mikel Merino
41%
83 Valencia CF Jose Gaya
36%
83 Athletic Bilbao Iker Muniain
34%
83 Real Betis Sergio Canales
34%
No matching quizzes found
Score Distribution
Percent of People with Each Score
Percentile by Number Answered
Your Score History
You have not taken this quiz